[Event "GER-ch52 V06 email"]
[Site "GER email"]
[Date "2020.04.16"]
[Round "?"]
[White "Rosenhoefer, Thomas"]
[Black "Schueppel, Ralf"]
[Result "1/2-1/2"]
[WhiteElo "2301"]
[BlackElo "2378"]
[PlyCount "71"]
[EventDate "2020.??.??"]
[EventType "tourn (corr)"]
[EventRounds "10"]
[EventCountry "GER"]
[SourceTitle "Corr 2022"]
[Source "ChessBase"]
[SourceDate "2021.10.24"]
[SourceVersion "1"]
[SourceVersionDate "2021.10.24"]
[SourceQuality "1"]

1. e4 c5 2. Nf3 d6 3. d4 cxd4 4. Nxd4 Nf6 5. Nc3 a6 6. f3 e5 7. Nb3 Be6 8. Be3 Be7 9. Qd2 0-0 10. 0-0-0 Nbd7 11. g4 b5 12. g5 b4 13. Ne2 Ne8 14. f4 a5 15. f5 a4 16. Nbd4 exd4 17. Nxd4 b3 18. Kb1 bxc2+ 19. Nxc2 Bb3 20. axb3 axb3 21. Na3 Ne5 22. h4 Ra4 23. Qg2 Qa8 24. Bd4 Nc7 25. h5 Rb8 26. Rh3 Nb5 27. Bxb5 Rxb5 28. Rg3 Rbb4 29. Bxe5 dxe5 30. f6 Bf8 31. g6 hxg6 32. fxg7 Bxg7 33. hxg6 Qxe4+ 34. Qxe4 Rxe4 35. gxf7+ Kxf7 36. Rxb3 1/2-1/2

[Event "GER-ch52 V06 email"]
[Site "GER email"]
[Date "2020.04.16"]
[Round "?"]
[White "Schueppel, Ralf"]
[Black "Ensenbach, Marc"]
[Result "1/2-1/2"]
[WhiteElo "2378"]
[BlackElo "2201"]
[PlyCount "67"]
[EventDate "2020.??.??"]
[EventType "tourn (corr)"]
[EventRounds "10"]
[EventCountry "GER"]
[SourceTitle "Corr 2022"]
[Source "ChessBase"]
[SourceDate "2021.10.24"]
[SourceVersion "1"]
[SourceVersionDate "2021.10.24"]
[SourceQuality "1"]

1. e4 c5 2. Nf3 d6 3. d4 cxd4 4. Nxd4 Nf6 5. Nc3 a6 6. Bg5 Nbd7 7. f4 Qc7 8. Qf3 b5 9. 0-0-0 e6 10. Bd3 Bb7 11. Rhe1 Be7 12. Qg3 b4 13. Nd5 exd5 14. exd5 Kd8 15. Nc6+ Bxc6 16. dxc6 Qxc6 17. Bxf6 Nxf6 18. Qxg7 Re8 19. Qxf7 Ra7 20. Rxe7 Raxe7 21. Qxf6 Qc5 22. Qg5 Kc7 23. Qxc5+ dxc5 24. b3 h5 25. g3 Re1 26. Kd2 Rxd1+ 27. Kxd1 a5 28. Kd2 Re6 29. Bc4 Rd6+ 30. Ke2 Kd7 31. Bd3 Rf6 32. Kf3 Rd6 33. Ke3 Re6+ 34. Be4 1/2-1/2

[Event "GER-ch52 V06 email"]
[Site "GER email"]
[Date "2020.04.16"]
[Round "?"]
[White "Schueppel, Ralf"]
[Black "Naeter, Burkhard"]
[Result "1/2-1/2"]
[WhiteElo "2378"]
[BlackElo "2323"]
[PlyCount "89"]
[EventDate "2020.??.??"]
[EventType "tourn (corr)"]
[EventRounds "10"]
[EventCountry "GER"]
[SourceTitle "Corr 2022"]
[Source "ChessBase"]
[SourceDate "2021.10.24"]
[SourceVersion "1"]
[SourceVersionDate "2021.10.24"]
[SourceQuality "1"]

1. e4 c5 2. Nf3 Nc6 3. d4 cxd4 4. Nxd4 e5 5. Nb5 d6 6. c4 Be7 7. N5c3 Nf6 8. Bd3 0-0 9. 0-0 Nd7 10. b3 Nc5 11. Nd5 f5 12. exf5 Nxd3 13. Qxd3 Bxf5 14. Qd1 Qe8 15. Nbc3 Qg6 16. Nxe7+ Nxe7 17. f3 Rad8 18. Rf2 Bc8 19. Ba3 b6 20. Qb1 Qe6 21. Qe4 Bd7 22. Ne2 Qf6 23. Ng3 Bc6 24. Qc2 Qe6 25. Rd1 Rd7 26. Rfd2 Rfd8 27. Bb2 h6 28. Qd3 Qf7 29. Qc2 h5 30. h3 h4 31. Ne4 Nf5 32. Re1 Qg6 33. Rd3 Rf8 34. Qd2 Ng3 35. Nxg3 Qxg3 36. Ree3 Rdf7 37. Rxd6 Bxf3 38. Rd8 e4 39. Rxf8+ Rxf8 40. Qf2 Qg5 41. Bc1 Rf6 42. Bd2 Qf5 43. Kh2 Qe5+ 44. Kh1 Qf5 45. Kh2 1/2-1/2

[Event "GER-ch52 V06 email"]
[Site "GER email"]
[Date "2020.04.16"]
[Round "?"]
[White "Seelig, Juergen"]
[Black "Schueppel, Ralf"]
[Result "1/2-1/2"]
[WhiteElo "2362"]
[BlackElo "2378"]
[PlyCount "84"]
[EventDate "2020.??.??"]
[EventType "tourn (corr)"]
[EventRounds "10"]
[EventCountry "GER"]
[SourceTitle "Corr 2022"]
[Source "ChessBase"]
[SourceDate "2021.10.24"]
[SourceVersion "1"]
[SourceVersionDate "2021.10.24"]
[SourceQuality "1"]

1. e4 c5 2. Nf3 d6 3. d4 cxd4 4. Nxd4 Nf6 5. Nc3 a6 6. Be3 e5 7. Nb3 Be6 8. f3 Be7 9. Qd2 0-0 10. 0-0-0 Nbd7 11. g4 b5 12. g5 b4 13. Ne2 Ne8 14. f4 a5 15. f5 a4 16. fxe6 axb3 17. exf7+ Rxf7 18. Kb1 bxc2+ 19. Qxc2 Bxg5 20. Bxg5 Qxg5 21. Ng3 Kh8 22. Bc4 Rf8 23. Nf5 g6 24. h4 Qf6 25. Ne3 Qf2 26. Qxf2 Rxf2 27. h5 gxh5 28. Rxh5 Nef6 29. Rf5 Rf4 30. Rxd6 Rxe4 31. Rf3 Rf4 32. Rxf4 exf4 33. Nd5 Nxd5 34. Bxd5 Ra7 35. Re6 Nc5 36. Rf6 Rd7 37. Rf5 Nd3 38. a4 bxa3 39. bxa3 Ra7 40. Bc4 Ne1 41. Rxf4 Rxa3 42. Rf2 Rc3 1/2-1/2

[Event "GER-ch49 V04 email"]
[Site "GER email"]
[Date "2017.04.03"]
[Round "?"]
[White "Schueppel, Ralf"]
[Black "Bach, Werner"]
[Result "1-0"]
[WhiteElo "2366"]
[BlackElo "2336"]
[PlyCount "95"]
[EventDate "2017.??.??"]
[EventType "tourn (corr)"]
[EventRounds "10"]
[EventCountry "GER"]
[SourceTitle "Corr 2020"]
[Source "ChessBase"]
[SourceDate "2019.09.30"]
[SourceVersion "1"]
[SourceVersionDate "2019.09.30"]
[SourceQuality "1"]

1. e4 c5 2. Nf3 d6 3. d4 cxd4 4. Nxd4 Nf6 5. Nc3 a6 6. Be3 Ng4 7. Bg5 h6 8. Bh4 g5 9. Bg3 Bg7 10. h3 Ne5 11. f3 Nbc6 12. Bf2 Be6 13. Qd2 Rc8 14. 0-0-0 Qa5 15. Nb3 Qc7 16. h4 Nb4 17. Kb1 Nc4 18. Bxc4 Qxc4 19. Bd4 Bxd4 20. Nxd4 Nxa2 21. Nce2 g4 22. c3 Rc5 23. f4 Qa4 24. Qc2 Qxc2+ 25. Nxc2 f6 26. Ne3 Kd7 27. Nd5 f5 28. Kxa2 fxe4 29. c4 Rxc4 30. Nec3 Rc5 31. Kb1 Bxd5 32. Nxd5 Ke6 33. Ne3 d5 34. h5 g3 35. Rh4 Rd8 36. f5+ Ke5 37. Rf1 Kd6 38. f6 exf6 39. Nf5+ Ke6 40. Rg4 Rc4 41. Rg6 d4 42. Nxh6 Rf8 43. Nf5 e3 44. Rg4 Rd8 45. Re4+ Kd5 46. Re7 Rh8 47. h6 b5 48. Rd1 1-0

[Event "GER-ch49 V04 email"]
[Site "GER email"]
[Date "2017.04.03"]
[Round "?"]
[White "Schueppel, Ralf"]
[Black "Hauff, Andre"]
[Result "1/2-1/2"]
[WhiteElo "2366"]
[BlackElo "2340"]
[PlyCount "97"]
[EventDate "2017.??.??"]
[EventType "tourn (corr)"]
[EventRounds "10"]
[EventCountry "GER"]
[SourceTitle "Corr 2020"]
[Source "ChessBase"]
[SourceDate "2019.09.30"]
[SourceVersion "1"]
[SourceVersionDate "2019.09.30"]
[SourceQuality "1"]

1. e4 e6 2. d4 d5 3. Nc3 Nf6 4. e5 Nfd7 5. f4 c5 6. Nf3 Nc6 7. Be3 a6 8. Qd2 b5 9. a3 Qb6 10. Ne2 c4 11. g4 h5 12. gxh5 Rxh5 13. Ng3 Rh8 14. c3 Ne7 15. Be2 Nb8 16. Bd1 Nf5 17. Nxf5 exf5 18. Qg2 Be6 19. h4 Rh6 20. Nd2 Nc6 21. h5 0-0-0 22. b4 a5 23. Nf3 Kc7 24. Ng5 Ra8 25. Ra2 Qa6 26. Rh2 Qb7 27. Bc1 Ra6 28. Kf1 Kb8 29. Rb2 axb4 30. axb4 Ra3 31. Qc2 Qa7 32. Ra2 Rxa2 33. Qxa2 Qxa2 34. Rxa2 g6 35. Rh2 Ne7 36. Be3 Kc7 37. Bf2 gxh5 38. Bxh5 Ng6 39. Bg3 Be7 40. Nf3 Nf8 41. Ne1 Rh8 42. Nc2 Rg8 43. Rh3 Ng6 44. Ke2 Kd7 45. Bf3 Bg5 46. Ke3 Be7 47. Kd2 Ra8 48. Bh5 Rh8 49. Ke3 1/2-1/2

[Event "GER-ch49 V04 email"]
[Site "GER email"]
[Date "2017.04.03"]
[Round "?"]
[White "Schueppel, Ralf"]
[Black "Hildebrand, Gerald"]
[Result "1-0"]
[WhiteElo "2366"]
[BlackElo "2327"]
[PlyCount "71"]
[EventDate "2017.??.??"]
[EventType "tourn (corr)"]
[EventRounds "10"]
[EventCountry "GER"]
[SourceTitle "Corr 2020"]
[Source "ChessBase"]
[SourceDate "2019.09.30"]
[SourceVersion "1"]
[SourceVersionDate "2019.09.30"]
[SourceQuality "1"]

1. e4 c5 2. Nf3 g6 3. d4 cxd4 4. Nxd4 Bg7 5. c4 Nc6 6. Be3 Nf6 7. Nc3 a6 8. Be2 d6 9. 0-0 0-0 10. Qd2 Bg4 11. f3 Nxd4 12. Bxd4 Be6 13. f4 Rc8 14. b3 Bd7 15. Rad1 Bc6 16. Qe3 Qa5 17. Bf3 e5 18. fxe5 dxe5 19. Ba7 Ra8 20. Nd5 Bxd5 21. exd5 e4 22. Bb6 Qxa2 23. Rf2 Qa3 24. Bc5 Qa5 25. Be2 Rfe8 26. b4 Qd8 27. Bd4 Nd7 28. d6 Bxd4 29. Qxd4 e3 30. Rf4 Nf8 31. Rff1 Qd7 32. c5 a5 33. bxa5 Rxa5 34. Bg4 f5 35. Be2 Qg7 36. d7 1-0

[Event "GER-ch49 V04 email"]
[Site "GER email"]
[Date "2017.04.03"]
[Round "?"]
[White "Schueppel, Ralf"]
[Black "Tiemann, Hagen"]
[Result "1/2-1/2"]
[WhiteElo "2366"]
[BlackElo "2329"]
[PlyCount "46"]
[EventDate "2017.??.??"]
[EventType "tourn (corr)"]
[EventRounds "10"]
[EventCountry "GER"]
[SourceTitle "Corr 2017"]
[Source "ChessBase"]
[SourceDate "2017.09.19"]
[SourceVersion "1"]
[SourceVersionDate "2017.09.19"]
[SourceQuality "1"]

1. e4 c5 2. Nf3 d6 3. d4 cxd4 4. Nxd4 Nf6 5. Nc3 a6 6. Be3 e5 7. Nb3 Be6 8. f3 h5 9. Qd2 Nbd7 10. Nd5 Bxd5 11. exd5 g6 12. 0-0-0 Nb6 13. Kb1 Nbxd5 14. Bg5 Be7 15. g3 Nb6 16. Bxf6 Bxf6 17. Qxd6 h4 18. g4 Na4 19. Bc4 Qxd6 20. Rxd6 Be7 21. Rdd1 Nb6 22. Bd3 0-0-0 23. Rhe1 Bd6 1/2-1/2

[Event "GER-chT11-B3 email"]
[Site "GER email"]
[Date "2015.10.15"]
[Round "?.4"]
[White "Kregelin, Jan"]
[Black "Schueppel, Ralf"]
[Result "1/2-1/2"]
[WhiteElo "2330"]
[BlackElo "2401"]
[PlyCount "65"]
[EventDate "2015.??.??"]
[EventType "tourn (corr)"]
[EventRounds "8"]
[EventCountry "GER"]
[SourceTitle "Corr 2017"]
[Source "ChessBase"]
[SourceDate "2017.09.19"]
[SourceVersion "1"]
[SourceVersionDate "2017.09.19"]
[SourceQuality "1"]
[WhiteTeam "FSV Spremberg"]
[BlackTeam "Springergabel"]

1. e4 c5 2. Nf3 d6 3. d4 cxd4 4. Nxd4 Nf6 5. Nc3 a6 6. Be3 e5 7. Nb3 Be6 8. f3 h5 9. Be2 Nbd7 10. a4 Rc8 11. a5 Be7 12. 0-0 0-0 13. Qd2 Qc7 14. Rfd1 Rfd8 15. Bf1 g6 16. Qe1 Qc6 17. Ra4 Re8 18. Kh1 d5 19. exd5 Bxd5 20. Bg5 Be6 21. Bh4 Kg7 22. Bg3 Rcd8 23. Nd2 Ng8 24. Nc4 f6 25. Bf2 Nh6 26. Ne3 Nc5 27. Raa1 Rxd1 28. Rxd1 Rd8 29. b4 Na4 30. Rxd8 Bxd8 31. Ncd1 Qd7 32. Qe2 Be7 33. Be1 1/2-1/2

[Event "GER-chT11-B3 email"]
[Site "GER email"]
[Date "2015.10.15"]
[Round "?.4"]
[White "Von der Burg, Joerg"]
[Black "Schueppel, Ralf"]
[Result "1-0"]
[WhiteElo "2166"]
[BlackElo "2401"]
[PlyCount "109"]
[EventDate "2015.??.??"]
[EventType "tourn (corr)"]
[EventRounds "8"]
[EventCountry "GER"]
[SourceTitle "Corr 2017"]
[Source "ChessBase"]
[SourceDate "2017.09.19"]
[SourceVersion "1"]
[SourceVersionDate "2017.09.19"]
[SourceQuality "1"]
[WhiteTeam "ChessWhisperer"]
[BlackTeam "Springergabel"]

1. Nf3 c5 2. e4 d6 3. d4 cxd4 4. Nxd4 Nf6 5. Nc3 a6 6. Be3 e5 7. Nb3 Be6 8. Qd2 Be7 9. f3 Nbd7 10. g4 h6 11. 0-0-0 b5 12. h4 Nb6 13. Qf2 Nfd7 14. Kb1 Nc4 15. Bxc4 bxc4 16. Nc1 Rb8 17. N1e2 Qc7 18. Ng3 g6 19. Ka1 Nf6 20. Rhe1 Kf8 21. g5 Qb7 22. Rb1 hxg5 23. hxg5 Nd7 24. f4 exf4 25. Qxf4 Ne5 26. Bd4 Rh3 27. Red1 Bg4 28. Nge2 Bxe2 29. Nxe2 Rh5 30. Rg1 Bd8 31. Nc3 Nc6 32. Bf6 Bxf6 33. gxf6 Ne5 34. Rgd1 Qc7 35. Nd5 Qc5 36. Qg3 Ke8 37. b4 Qc6 38. Rd2 Qd7 39. Qa3 c3 40. Rdd1 Qc6 41. Ne7 Qb7 42. Qxc3 Rd8 43. Rd5 Qd7 44. Rbd1 Qe6 45. Nc6 Rd7 46. Nb8 Rd8 47. Nxa6 Qxf6 48. Nc5 Qe7 49. b5 Qa7 50. a4 Ng4 51. a5 Rxd5 52. Rxd5 Ra8 53. Na6 Ke7 54. e5 Nxe5 55. Qb4 1-0